Game of the Higher Bordering Country in Alphabetical Order - Statistics

General Stats
  • This quiz has been taken 273 times
  • The average score is 103 of 152
Answers on the Map
Answers color-coded by a green-red scale on the quiz's map according to % correct below.
 
Answer Stats
Countries % Correct
Afghanistan
100%
China
86%
Bhutan
84%
India
84%
Bangladesh
83%
Cambodia
83%
Laos
83%
Malaysia
83%
Myanmar
83%
Thailand
83%
Brunei
81%
East Timor
81%
Indonesia
81%
Papua New Guinea
81%
Nepal
80%
Vietnam
80%
Armenia
79%
Azerbaijan
79%
Georgia
79%
Iran
79%
Pakistan
79%
Russia
79%
Belarus
78%
Estonia
77%
Latvia
77%
Lithuania
77%
Algeria
76%
Andorra
76%
Austria
76%
Belgium
76%
Chad
76%
Czech Republic
76%
France
76%
Germany
76%
Libya
76%
Morocco
76%
Poland
76%
Spain
76%
Angola
75%
Botswana
75%
Bulgaria
75%
Burundi
75%
Cameroon
75%
Central African Republic
75%
Democratic Republic of the Congo
75%
Djibouti
75%
Egypt
75%
Eritrea
75%
Eswatini
75%
Ethiopia
75%
Greece
75%
Iraq
75%
Israel
75%
Jordan
75%
Kenya
75%
Kuwait
75%
Lebanon
75%
Malawi
75%
Mozambique
75%
Namibia
75%
Oman
75%
Qatar
75%
Rwanda
75%
Saudi Arabia
75%
South Africa
75%
Sudan
75%
Syria
75%
Tanzania
75%
Turkey
75%
Uganda
75%
United Arab Emirates
75%
Yemen
75%
Albania
74%
Bosnia and Herzegovina
74%
Croatia
74%
Hungary
74%
Kosovo
74%
Montenegro
74%
Italy
73%
Moldova
73%
North Macedonia
73%
Romania
73%
San Marino
73%
Serbia
73%
Slovakia
73%
Slovenia
73%
Switzerland
73%
Ukraine
73%
Liechtenstein
72%
Vatican City
72%
Lesotho
68%
Republic of the Congo
68%
Somalia
68%
South Sudan
68%
Zambia
68%
Zimbabwe
68%
Gabon
67%
Benin
66%
Burkina Faso
66%
Equatorial Guinea
66%
Ghana
66%
Guinea
66%
Ivory Coast
66%
Nigeria
66%
Gambia
65%
Guinea-Bissau
65%
Mali
65%
Mauritania
65%
Niger
65%
Senegal
65%
Liberia
64%
Sierra Leone
64%
Togo
63%
Tunisia
63%
Portugal
62%
Brazil
58%
Argentina
57%
Bolivia
56%
Chile
56%
Peru
55%
Colombia
54%
Ecuador
54%
Panama
54%
Belize
53%
Canada
53%
Costa Rica
53%
El Salvador
53%
Guatemala
53%
Guyana
53%
Honduras
53%
Mexico
53%
Nicaragua
53%
Suriname
53%
United States
53%
Venezuela
53%
Paraguay
51%
Uruguay
51%
Luxembourg
47%
Denmark
44%
Netherlands
44%
Finland
43%
Monaco
43%
Norway
42%
Sweden
42%
Kazakhstan
40%
Kyrgyzstan
40%
Mongolia
39%
North Korea
39%
South Korea
39%
Tajikistan
39%
Turkmenistan
39%
Uzbekistan
39%
No matching quizzes found
Score Distribution
Percent of People with Each Score
Percentile by Number Answered
Your Score History
You have not taken this quiz